000 00852nam a2200253Ia 4500
003 OSt
005 20221005104826.0
006 a|||||r|||| 00| 0
007 ta
008 221004b |||||||| |||| 00| 0 hin d
020 _a8173120536 (hbk)
_c495
024 _a101749
037 _b406, 22/03/2010, Swaraj Prakashan
_cTextual
040 _aCRL
_cCRL
_bhin
041 _2hin
_ahin
082 _a4, 152P5
100 _aरूपचन्द गौतम
245 0 _aकैरियर पत्रकारिता
246 _aKairiyar patrakāritā
260 _aदिल्ली
_bश्री नटराज प्रकाशन भारत
_c2005
300 _a256पृ0
_ccm.
942 _h4, 152P5
_cTEXL
_2cc
999 _c1013910
_d1013910